000
00250nam a22001097a 4500
008
180806b xxu||||| |||| 00| 0 eng d
082
_a
813.52
245
_a
Microsoft World 2010
_c
PARADIGM
300
_a
1
_f
cd
440
_x
MLB257834
942
_2
ddc
_c
MX
999
_c
46854
_d
46854